书目信息 |
| 题名: |
计算机基础上机实训与习题集
|
|
| 作者: | 王成虎 主编 | |
| 分册: | ||
| 出版信息: | 北京 地质出版社 2006.08 |
|
| 页数: | 206页 | |
| 开本: | 26cm | |
| 丛书名: | ||
| 单 册: | ||
| 中图分类: | TP3-3 | |
| 科图分类: | ||
| 主题词: | 计算技术 , 电子计算机 | |
| 电子资源: | ||
| ISBN: | 7-116-04862-6 | |
| 000 | 00632nam0 2200205 450 | |
| 001 | 0856680551 | |
| 005 | 20080229154555.71 | |
| 010 | @a7-116-04862-6@dCNY18.00 | |
| 100 | @a20080229d2006 km y0chiy0120 ea | |
| 101 | 0 | @achi |
| 102 | @aCN@b110000 | |
| 200 | 1 | @a计算机基础上机实训与习题集@Aji suan ji ji chu shang ji shi xun yu xi ti ji@f王成虎主编@Fwang cheng hu zhu bian |
| 210 | @a北京@c地质出版社@d2006.08 | |
| 215 | @a206页@d26cm | |
| 606 | 0 | @a计算技术 |
| 606 | 0 | @a电子计算机 |
| 690 | @aTP3-3@v4 | |
| 701 | 0 | @a王成虎@Awang cheng hu@4主编 |
| 801 | 0 | @aCN@b大连网信软件有限公司图书馆·11@c20080229 |
| 905 | @aZUCC@dTP3-3@eW120 | |
| 计算机基础上机实训与习题集/王成虎主编.-北京:地质出版社,2006.08 |
| 206页;26cm |
| ISBN 7-116-04862-6:CNY18.00 |
| ● |
| 相关链接 |
|
|
|
正题名:计算机基础上机实训与习题集
索取号:TP3-3/W120
 
预约/预借
| 序号 | 登录号 | 条形码 | 馆藏地/架位号 | 状态 | 备注 |
| 1 | 479217 | 204792171 | 期刊室512/ [索取号:TP3-3/W120] | 在馆 |